Survival at 40 below / (Record no. 6389)

MARC details
000 -LEADER
fixed length control field 01141cam a2200337 a 4500
001 - CONTROL NUMBER
control field 6389
003 - CONTROL NUMBER IDENTIFIER
control field FISKH
005 - DATE AND TIME OF LATEST TRANSACTION
control field 20250428110848.0
008 - FIXED-LENGTH DATA ELEMENTS--GENERAL INFORMATION
fixed length control field 090407s2010 nyuab j b 000 0 eng
010 ## - LIBRARY OF CONGRESS CONTROL NUMBER
LC control number 2009013328
020 ## - INTERNATIONAL STANDARD BOOK NUMBER
International Standard Book Number 9780802798152 (lib. bdg.)
020 ## - INTERNATIONAL STANDARD BOOK NUMBER
International Standard Book Number 9781338049039
020 ## - INTERNATIONAL STANDARD BOOK NUMBER
International Standard Book Number 9780802798169 (reinforced)
040 ## - CATALOGING SOURCE
Original cataloging agency DLC
Transcribing agency DLC
Modifying agency IG#
Language of cataloging eng
050 ## - LIBRARY OF CONGRESS CALL NUMBER
Classification number QH543 .M55
082 ## - DEWEY DECIMAL CLASSIFICATION NUMBER
Classification number 591.75
100 1# - MAIN ENTRY--PERSONAL NAME
Personal name Miller, Debbie S.
245 10 - TITLE STATEMENT
Title Survival at 40 below /
Statement of responsibility, etc. Debbie S. Miller ; illustrated by Jon Van Zyle.
260 ## - PUBLICATION, DISTRIBUTION, ETC.
Place of publication, distribution, etc. New York :
Name of publisher, distributor, etc. Scholastic,
Date of publication, distribution, etc. 2010.
300 ## - PHYSICAL DESCRIPTION
Extent 40 unnumbered pages :
Other physical details color illustrations ; color maps ;
Dimensions 22 x 28 cm.
504 ## - BIBLIOGRAPHY, ETC. NOTE
Bibliography, etc. note Includes bibliographical references.
520 ## - SUMMARY, ETC.
Summary, etc. Describes the long artic winters of Alaska, and how the animals survive.
650 #0 - SUBJECT ADDED ENTRY--TOPICAL TERM
Topical term or geographic name entry element Cold adaptation
Form subdivision Juvenile literature.
650 #0 - SUBJECT ADDED ENTRY--TOPICAL TERM
Topical term or geographic name entry element Zoology
Geographic subdivision Arctic regions
Form subdivision Juvenile literature.
650 #1 - SUBJECT ADDED ENTRY--TOPICAL TERM
Topical term or geographic name entry element Cold adaptation.
650 #1 - SUBJECT ADDED ENTRY--TOPICAL TERM
Topical term or geographic name entry element Zoology
Geographic subdivision Arctic regions.
700 1# - ADDED ENTRY--PERSONAL NAME
Personal name Van Zyle, Jon,
Relator term illustrator
906 ## - LOCAL DATA ELEMENT F, LDF (RLIN)
a 7
b cbc
c orignew
d 1
e ecip
f 20
g y-gencatlg
942 ## - ADDED ENTRY ELEMENTS (KOHA)
Source of classification or shelving scheme Dewey Decimal Classification
Koha item type Books
Suppress in OPAC No
Holdings
Withdrawn status Lost status Source of classification or shelving scheme Damaged status Not for loan Collection Home library Current library Shelving location Date acquired Total Checkouts Full call number Barcode Date last seen Copy number Price effective from Koha item type
    Dewey Decimal Classification     Non-Fiction Footprints International School Library Network Toul Kork Campus Footprints International School Library Network Toul Kork Campus A TK Campus, 4th Floor, Room B401, Non-Fiction Bookcases(7-8) 04/28/2025   MIL 591.75 QH543 .M55 FISTK05647 04/28/2025 1 04/28/2025 Books